| 000 | 00575nam a2200181 a 4500 | ||
|---|---|---|---|
| 005 | 20230330063538.0 | ||
| 008 | 010606s2000 r 000 0 eng d | ||
| 020 | _a8478272399 | ||
| 035 | _aUPN01000107674 | ||
| 049 | _aCG | ||
| 050 | 4 |
_aLB3012.4 E5 _bD5.7 |
|
| 245 | 0 | 0 |
_aDisciplina y convivencia en la institución escolar / _cSerafín Antúñez...[et al.]. |
| 260 |
_aBarcelona, Esp. : _bLaboratorio Educativo : _bGraó, _c2000. |
||
| 300 |
_a154 p. : _bil. |
||
| 440 | 0 |
_aClaves para la innovación educativa ; _v5 |
|
| 650 | 4 |
_aDisciplina escolar _91521 |
|
| 905 | _aLibro | ||
| 999 |
_c81586 _d81586 |
||